000 00221 a2200097 4500
001 32162
100 _aLowry, John T
245 _aPerformance of Light Aircraft
260 _aNew Delhi
_bPHI
_c1997
090 _c21608
_d21608
942 _aNUST-CAE
_cM
_c12901
999 _c267235
_d267235